UM Logo

3G handy guide : (Record no. 18525)

MARC details
000 -LEADER
fixed length control field 00836nam a22002057a 4500
005 - DATE AND TIME OF LATEST TRANSACTION
control field 20241005062522.0
008 - FIXED-LENGTH DATA ELEMENTS--GENERAL INFORMATION
fixed length control field 231128b ||||| |||| 00| 0 eng d
020 ## - INTERNATIONAL STANDARD BOOK NUMBER
International Standard Book Number 9781984680761
082 ## - DEWEY DECIMAL CLASSIFICATION NUMBER
Classification number DC 621.3
Edition number 2023
Item number T413
100 ## - MAIN ENTRY--PERSONAL NAME
Personal name 3G E-Learning.
9 (RLIN) 33638
245 ## - TITLE STATEMENT
Title 3G handy guide :
Remainder of title electrician /
Statement of responsibility, etc. 3G E-Learning.
250 ## - EDITION STATEMENT
Edition statement 2nd edition.
260 ## - PUBLICATION, DISTRIBUTION, ETC. (IMPRINT)
Place of publication, distribution, etc. United States of America :
Name of publisher, distributor, etc. 3G E-Learning,
Date of publication, distribution, etc. ©2023.
300 ## - PHYSICAL DESCRIPTION
Extent vii, 181 pages :
Other physical details color illustrations ;
Dimensions 23.5 cm.
500 ## - GENERAL NOTE
General note Includes references, glossary, and index.
520 ## - SUMMARY, ETC.
Summary, etc. Electrician: roles and responsibilities--Useful tools and equipment--Electricity safety practices--Wiring systems and types--Bonding and grounding--Climb pole.
650 ## - SUBJECT ADDED ENTRY--TOPICAL TERM
Topical term or geographic name as entry element Electrical engineering
General subdivision Vocational guidance.
9 (RLIN) 50230
710 ## - ADDED ENTRY--CORPORATE NAME
Corporate name or jurisdiction name as entry element 3G E-Learning.
9 (RLIN) 33638
942 ## - ADDED ENTRY ELEMENTS (KOHA)
Source of classification or shelving scheme Dewey Decimal Classification
Koha item type Circulation
Holdings
Withdrawn status Lost status Source of classification or shelving scheme Damaged status Not for loan Collection code Home library Current library Date acquired Source of acquisition Cost, normal purchase price Total Checkouts Full call number Barcode Date last seen Price effective from Koha item type
    Dewey Decimal Classification     Circulation UM Digos College - LIC UM Digos College - LIC 08/08/2023 Purchased 6995.00   DC 621.3 T413 2023 27282 05/15/2025 11/28/2023 Circulation